000 00275nam a2200121Ia 4500
008 241002s9999 xx 000 0 und d
082 _a808.543 FLA
100 _aFlaubert, Gustrove
245 0 _aThree Tales
260 _aLondon:
_c1950
600 _aLiterature
942 _cUC
999 _c18887
_d18887